Reglamento / (Record no. 185349)

MARC details
000 -LEADER
campo de control de longitud fija 00465nam a2200145 i 4500
001 - NÚMERO DE CONTROL
campo de control 185349
003 - IDENTIFICADOR DE NÚMERO DE CONTROL
campo de control ES-MaACL
005 - FECHA Y HORA DE LA ÚLTIMA TRANSACCIÓN
campo de control 20230906222417.0
008 - DATOS DE LONGITUD FIJA--INFORMACIÓN GENERAL
campo de control de longitud fija 160524s1916 sp |||| | spa d
110 2# - ENTRADA PRINCIPAL--NOMBRE DE ENTIDAD CORPORATIVA
Nombre de entidad corporativa o nombre de jurisdicción como elemento de entrada Círculo de Bellas Artes y Ateneo de Bilbao.
9 (RLIN) 159222
245 10 - MENCIÓN DEL TÍTULO
Título Reglamento /
Mención de responsabilidad, etc. Círculo de Bellas Artes y Ateneo de Bilbao.
260 ## - PUBLICACIÓN, DISTRIBUCIÓN, ETC.
Lugar de publicación, distribución, etc. Bilbao :
Nombre del editor, distribuidor, etc. [s.n.,
Fecha de publicación, distribución, etc. 1916?] (
Fabricante Garmendia y Viciola)
300 ## - DESCRIPCIÓN FÍSICA
Extensión 34 p. ;
Dimensiones 13 X 16 cm.
852 ## - LOCALIZACIÓN
Ubicación ES-MaACL
Número de control de estantería 1545-F-10
Holdings
Estatus retirado Estado de pérdida Estado de daño No para préstamo Colección Biblioteca de origen Biblioteca actual Ubicación en estantería Fecha de adquisición Fuente de adquisición Total de préstamos Signatura topográfica completa Código de barras Visto por última vez Precio de reemplazo Tipo de ítem Koha
        Colección de folletos Biblioteca del Ateneo de Madrid Biblioteca del Ateneo de Madrid Depósito folletos 24/05/2016     1545-F-10 1195276 23/02/2023 23/02/2023 Folleto